Jasper Fforde Novels - Statistics

General Stats
  • This quiz has been taken 53 times
  • The average score is 6 of 12
Answer Stats
Hint Answer % Correct
Thursday Next The Eyre Affair
93%
Thursday Next The Well of Lost Plots
78%
Thursday Next Lost in a Good Book
71%
Thursday Next One of our Thursdays is Missing
63%
Thursday Next Something Rotten
61%
Shades of Grey Shades of Grey 1: The Road to High Saffron
51%
Thursday Next First Among Sequels
41%
Nursery Crime The Fourth Bear
41%
Nursery Crime The Big Over Easy
39%
Dragonslayer The Last Dragonslayer
37%
Thursday Next The Woman Who Died a Lot
34%
Dragonslayer The Song of the Quarkbeast
20%
No matching quizzes found
Score Distribution
Percent of People with Each Score
Percentile by Number Answered
Your Score History
You have not taken this quiz